书目信息 |
| 书名: | New International Acronyms,Initialisms & Abbreviations | |
| 作者: | Julie E .Towell. | |
| 分册号: | ||
| 分册名: | 出版地: | Michigan : |
|
| 出版社: | GALE RESEARCH COMPANY | |
| 出版时间: | c1988. | |
| 页数: | 256 p. ; | |
| 开本: | 20cm. | |
| 丛书名: | ||
| 中图分类号: | ||
| 科图分类号: | ||
| 其他分类号: | H313.6-61 | |
| 主题词: | ||
| 电子资源: | ||
| 000 | 00463nam 2200157 a 4500 | |
| 001 | E0751940097 | |
| 005 | 20070430143209.98 | |
| 008 | 070430s1988 00010 eng | |
| 020 | @a0-8103-2198-X. | |
| 040 | @aPFT@beng | |
| 090 | @aH313.6-61 | |
| 099 | @dH313.6-61@ex20:2=2 | |
| 245 | 1 | @aNew International Acronyms,Initialisms & Abbreviations / @cJulie E .Towell.@nv.2. |
| 250 | @a2nd ed. | |
| 260 | @aMichigan :@bGALE RESEARCH COMPANY,@cc1988. | |
| 300 | @a256 p. ;@c20cm. | |
| New International Acronyms,Initialisms & Abbreviations / / Julie E .Towell.. v.2.-2nd ed.-Michigan : : GALE RESEARCH COMPANY, , c1988. |
| 256 p. ; ; 20cm. |
| ISBN 0-8103-2198-X. |
| ● |
| 相关链接 |
|
|
|
|
正题名:New International Acronyms,Initialisms & Abbreviations
索取号:H313.6-61/x20:2=2
 
预约/预借
| 序号 | 登录号 | 条形码 | 馆藏地/架位号 | 状态 | 备注 |
| 1 | 184071 | 001299570 | 第二样本阅览室/ [索取号:H313.6-61/x20:2=2] | 在馆 |